| 000 | 00554nam a22001817a 4500 | ||
|---|---|---|---|
| 005 | 20170509144655.0 | ||
| 010 | _aENG-118070 | ||
| 020 |
_a9788126030750 _c140.00 |
||
| 035 | _aEN-101602 | ||
| 037 | _bDBAD/PUB | ||
| 082 | _a812.08 | ||
| 100 | _aKurtkoti, Kirtinath | ||
| 245 |
_aRe-cognition _bA study of sanskrit drama _cby Kirtinath Kurtkoti |
||
| 260 |
_aNew Delhi _bSahitya Akademi _c2011 |
||
| 270 | _aRabindra Bhavan, 35, Ferozshah Road, New Delhi-110001 | ||
| 300 |
_axiv, 211p _c22cm.(Hb) |
||
| 942 |
_2ddc _cEN _h812.08 _mKUR |
||
| 999 |
_c139574 _d139574 |
||